[Event "HCL-C162"]
[Site "www.playchess.de"]
[Date "2001.02.06"]
[Round "7"]
[White "Player"]
[Black "Translightor"]
[WhiteElo "1404"]
[BlackElo "1401"]
[PlyCount "55"]
[Result "1/2-1/2"]

1.d4 Nf6 {Auf ein Neues, Lukas!}  2.c4 {Viel 
Spaß!}  c5 3.d5 e6 {Vielleicht ist Benoni weniger 
"remislastig" als unsere ersten beiden 
Eröffnungen.}  4.g3 {Nach der Partie wissen wir 
mehr...}  exd5 5.cxd5 d6 6.Bg2 g6 7.Nf3 Bg7 8.O-O 
O-O 9.Nc3 Nbd7 10.Bf4 Qe7 11.Nb5 Ne8 12.Bg5 f6 
13.Bf4 a6 14.Nc3 b5 15.Nd2 f5 16.Nb3 Ndf6 17.Na5 
Qc7 18.Nc6 Bb7 19.Qd3 Kh8 20.Rad1 Ng8 21.Rfe1 Ne7 
22.Nxe7 Qxe7 23.Qf3 Qd7 {Schwer zu sagen, ob Du in 
der anderen Partie mal auf Gewinn standest.}  
24.b3 {Ist jetz eh alles zu spät.}  Nf6 {Wir 
ziehen beide sehr schnell; kann immer sein, dass 
dadurch eine versteckte Idee übersehen wird.}  
25.a3 {Die eine oder andere Partie ging dadurch 
auch schon verloren...}  Rae8 {Das muss man in 
Kauf nehmen, wenn man nicht nach Perfektion 
strebt.}  26.h3 Nh5 27.Bc1 Nf6 {Ich kann mal 
wieder nur auf Remis klammern. Ich hoffe, das wird 
mit dem Königsgambit anders.}  28.Qd3 {Dann biete 
ich mal eins an...}  1/2-1/2

[Event "HCL-C170"]
[Site "www.playchess.de"]
[Date "2001.02.06"]
[Round "11"]
[White "Player"]
[Black "dakini"]
[WhiteElo "1392"]
[BlackElo "1432"]
[PlyCount "30"]
[Result "0-1"]

1.e4 {Hallo! Auf ein neues.}  e5 {Schön, daß auch 
die Farben vertauscht sind! Auf ein schönes 
Spiel!}  2.Nf3 Nc6 3.Bb5 a6 4.Bc4 b5 5.Bd5 Nf6 
6.O-O Bb7 7.d4 exd4 8.Bxc6 dxc6 9.e5 Ne4 10.Nxd4 
c5 11.Nf3 Qxd1 12.Rxd1 Be7 13.a4 O-O 14.Bf4 Ng5 
15.Nxg5 {Ohje...}  Rad8 {Da habe ich wohl was 
übersehen ...  grrhhhh!!!!  Aber: Ohne PCHilfe!} 
 0-1

[Event "HCL-C177"]
[Site "www.playchess.de"]
[Date "2001.02.06"]
[Round "3"]
[White "dg"]
[Black "patzer"]
[WhiteElo "1115"]
[BlackElo "1000"]
[PlyCount "70"]
[Result "1/2-1/2"]

1.e4 c5 2.Bc4 e6 3.d3 d6 4.Nf3 Nf6 5.Bg5 Be7 
6.Bxf6 Bxf6 7.c3 O-O 8.O-O Nc6 9.Nbd2 Na5 10.a3 
Nxc4 11.Nxc4 b5 12.Ncd2 Bb7 13.Rb1 Rc8 14.Qc2 Bg5 
15.h3 Bxd2 16.Qxd2 h6 17.b4 Qc7 18.bxc5 Qxc5 
19.Rfc1 a6 20.a4 Rfe8 21.d4 Qc4 22.Rb4 Qc6 23.e5 
d5 24.axb5 axb5 25.Qb2 Ba6 26.Nd2 Rcb8 27.Nb1 Rec8 
28.Na3 Qd7 29.Rb1 Qc6 30.c4 dxc4 31.Qc2 Qd5 32.Rd1 
Bb7 33.f3 Bc6 34.Qc3 Rba8 35.Ra1 
Ra5 1/2-1/2

[Event "HCL-C066"]
[Site "www.playchess.de"]
[Date "2001.02.06"]
[Round "2"]
[White "BorEl"]
[Black "GaryG"]
[WhiteElo "1551"]
[BlackElo "1572"]
[PlyCount "35"]
[Result "1/2-1/2"]

1.e4 e6 2.d4 d5 3.Nd2 Nf6 4.e5 Nfd7 5.f4 c5 6.c3 
Nc6 7.Ndf3 Qb6 8.Ne2 f6 9.g3 cxd4 10.Nexd4 fxe5 
11.Nxe6 e4 12.Nfd4 Nf6 13.Nxf8 Bg4 14.Be2 Bxe2 
15.Qxe2 Nxd4 16.cxd4 Rxf8 17.Be3 Qa5+ 
18.Qd2 1/2-1/2

[Event "HCL-C066"]
[Site "www.playchess.de"]
[Date "2001.02.06"]
[Round "4"]
[White "GaryG"]
[Black "Chopz8va"]
[WhiteElo "1572"]
[BlackElo "1100"]
[PlyCount "63"]
[Result "1-0"]

1.Nf3 d5 2.d4 Nf6 3.c4 c6 4.Nc3 Bf5 5.cxd5 cxd5 
6.Qb3 b6 7.Bf4 e6 8.Nb5 Na6 9.Qa4 Nd7 10.Qxa6 Bb4+ 
11.Bd2 Bxd2+ 12.Nxd2 O-O 13.e3 Qc8 14.Nd6 Qxa6 
15.Bxa6 Nb8 16.Bb7 Nd7 17.Bxa8 Rxa8 18.Rc1 Bd3 
19.Nf3 Nf6 20.Ne5 Ba6 21.Rc7 Ne4 22.Nxe4 dxe4 
23.Nxf7 Rc8 24.Rxc8+ Bxc8 25.Nd6 Ba6 26.Kd2 Bd3 
27.Rc1 h5 28.Rc7 a5 29.Ne8 g5 30.Nf6+ Kf8 31.Nh7+ 
Kg8 32.Nxg5 1-0

[Event "HCL-C066"]
[Site "www.playchess.de"]
[Date "2001.02.06"]
[Round "5"]
[White "Chopz8va"]
[Black "MAD_HUMAN"]
[WhiteElo "1100"]
[BlackElo "1000"]
[PlyCount "31"]
[Result "1-0"]

1.d4 a5 2.e4 Na6 3.Nf3 e5 4.Nxe5 d6 5.Nf3 Nb4 
6.Bg5 Nxc2+ 7.Qxc2 Qxg5 8.Nxg5 f6 9.Nf3 a4 10.Nc3 
a3 11.Bc4 axb2 12.Qxb2 Nh6 13.O-O Bg4 14.Qxb7 Bxf3 
15.Qxa8+ Ke7 16.Nd5+ 1-0

[Event "HCL-C066"]
[Site "www.playchess.de"]
[Date "2001.02.06"]
[Round "6"]
[White "BorEl"]
[Black "Chopz8va"]
[WhiteElo "1551"]
[BlackElo "1100"]
[PlyCount "59"]
[Result "1-0"]

1.e4 e5 2.Nf3 Nc6 3.Bb5 Nf6 4.O-O Bc5 5.Nxe5 Nxe5 
6.d4 Bd6 7.dxe5 Bxe5 8.f4 Bd6 9.e5 Bc5+ 10.Kh1 c6 
11.exf6 Qxf6 12.Qe2+ Qe7 13.Qxe7+ Bxe7 14.Bd3 O-O 
15.Nc3 d5 16.Bd2 Be6 17.Rae1 Rfe8 18.f5 Bd7 19.Re2 
Bf6 20.Rfe1 h6 21.Kg1 c5 22.Nxd5 Bd4+ 23.Kh1 Bxb2 
24.R2xe8+ Rxe8 25.Rxe8+ Bxe8 26.Ne3 b6 27.Nc4 Bd4 
28.Nd6 Bd7 29.h3 Be3 30.Bxe3 1-0

[Event "HCL-C066"]
[Site "www.playchess.de"]
[Date "2001.02.06"]
[Round "11"]
[White "GaryG"]
[Black "dragao"]
[WhiteElo "1572"]
[BlackElo "1000"]
[PlyCount "21"]
[Result "1-0"]

1.e4 e5 2.Nf3 Nc6 3.Bb5 a6 4.Ba4 b5 5.Bb3 Nf6 6.d3 
a5 7.O-O b4 8.Ng5 Qe7 9.Bxf7+ Kd8 10.Bb3 Nd4 
11.Nf7+ 1-0

[Event "HCL-C066"]
[Site "www.playchess.de"]
[Date "2001.02.06"]
[Round "18"]
[White "mateusz"]
[Black "BorEl"]
[WhiteElo "1000"]
[BlackElo "1551"]
[PlyCount "30"]
[Result "0-1"]

1.e4 c5 2.Nf3 d6 3.d4 cxd4 4.Nxd4 Nf6 5.Nc3 g6 
6.Bb5+ Bd7 7.O-O Bg7 8.Re1 Bxb5 9.Ndxb5 a6 10.e5 
dxe5 11.Qf3 axb5 12.Qxb7 Nbd7 13.Nxb5 O-O 14.Rd1 
Rb8 15.Qc6 Rc8 0-1

[Event "HCL-C066"]
[Site "www.playchess.de"]
[Date "2001.02.06"]
[Round "19"]
[White "Chopz8va"]
[Black "mateusz"]
[WhiteElo "1100"]
[BlackElo "1000"]
[PlyCount "35"]
[Result "1-0"]

1.d4 d5 2.Nf3 Nf6 3.Bf4 e6 4.e3 Bd6 5.Bg5 O-O 
6.Bd3 c5 7.c3 Nc6 8.Nbd2 e5 9.dxe5 Bxe5 10.Nxe5 
Nxe5 11.Nf3 Bg4 12.Be2 Qd6 13.Bf4 Bxf3 14.Bxf3 
Nxf3+ 15.Qxf3 Qa6 16.O-O-O Qxa2 17.Be5 Ne4 
18.Bxg7 1-0

[Event "HCL-C066"]
[Site "www.playchess.de"]
[Date "2001.02.06"]
[Round "22"]
[White "GaryG"]
[Black "helmet"]
[WhiteElo "1572"]
[BlackElo "1299"]
[PlyCount "41"]
[Result "1-0"]

1.c4 c6 2.d4 d5 3.Nc3 Bf5 4.Qb3 Qd7 5.cxd5 Nf6 
6.Nf3 cxd5 7.Ne5 Qc7 8.Bf4 a6 9.Ng6 e5 10.Bxe5 Bd6 
11.Nxh8 Nc6 12.Bxf6 gxf6 13.Nxd5 Qa5+ 14.Kd1 Nxd4 
15.Nxf6+ Kd8 16.Qc3 Bc2+ 17.Kc1 Qg5+ 18.e3 Qxf6 
19.Qxd4 Qxd4 20.Nxf7+ Ke7 21.exd4 1-0

[Event "HCL-C066"]
[Site "www.playchess.de"]
[Date "2001.02.06"]
[Round "25"]
[White "helmet"]
[Black "Chopz8va"]
[WhiteElo "1299"]
[BlackElo "1100"]
[PlyCount "69"]
[Result "1-0"]

1.d4 d5 2.Nf3 Nf6 3.Bg5 Nc6 4.e3 Bf5 5.Bd3 Bxd3 
6.Qxd3 e6 7.Ne5 Be7 8.Qb5 Rb8 9.Bxf6 Bxf6 10.Nxc6 
a6 11.Qa5 bxc6 12.Qxa6 Rb6 13.Qa4 O-O 14.c3 Qa8 
15.Qc2 Rfb8 16.b4 Qa6 17.Nd2 Be7 18.f4 h6 19.h4 
Bf6 20.a4 Ra8 21.a5 Rbb8 22.Nb3 Be7 23.g4 f6 
24.Nd2 Bd6 25.Nf3 Rbe8 26.g5 f5 27.gxh6 gxh6 28.h5 
Kh7 29.Nh4 Reg8 30.Ng6 Rxg6 31.hxg6+ Kxg6 32.Qe2 
Qc8 33.Qh5+ Kf6 34.Qxh6+ Ke7 35.Qg7+ 1-0

[Event "HCL-C066"]
[Site "www.playchess.de"]
[Date "2001.02.06"]
[Round "28"]
[White "mateusz"]
[Black "helmet"]
[WhiteElo "1000"]
[BlackElo "1299"]
[PlyCount "28"]
[Result "0-1"]

1.d4 d5 2.Nc3 Bf5 3.Nf3 Nc6 4.Ne5 Nxe5 5.dxe5 e6 
6.Nb5 c6 7.Nd4 Ne7 8.Bg5 Bg6 9.f4 Qb6 10.b3 Nf5 
11.Nxf5 Bb4+ 12.Qd2 Bxd2+ 13.Kxd2 Bxf5 14.h3 
Qd4+ 0-1

[Event "HCL-C066"]
[Site "www.playchess.de"]
[Date "2001.02.06"]
[Round "32"]
[White "Chopz8va"]
[Black "Skyshroud"]
[WhiteElo "1100"]
[BlackElo "1000"]
[PlyCount "23"]
[Result "1-0"]

1.d4 b5 2.e4 Ba6 3.Nf3 h5 4.Nbd2 Rh6 5.Bd3 Nf6 
6.O-O e6 7.Nb3 h4 8.Bxh6 gxh6 9.Re1 Bb4 10.c3 Ba5 
11.Nxa5 Nc6 12.Nxc6 1-0

[Event "HCL-B114"]
[Site "www.playchess.de"]
[Date "2001.02.06"]
[Round "7"]
[White "PDelaquess"]
[Black "JayKay"]
[WhiteElo "1422"]
[BlackElo "1734"]
[PlyCount "27"]
[Result "1-0"]

1.e4 e5 2.f4 exf4 3.Nf3 Nf6 4.e5 Nh5 5.Be2 d6 
6.O-O dxe5 7.Nxe5 Qd4+ 8.Kh1 Qxe5 9.Bxh5 Qf5 10.d4 
Bd6 11.Re1+ Be7 12.Qe2 Nc6 13.Nc3 Nxd4 
14.Qxe7+ 1-0

[Event "HCL-B114"]
[Site "www.playchess.de"]
[Date "2001.02.06"]
[Round "21"]
[White "daphatmon"]
[Black "Slide"]
[WhiteElo "1602"]
[BlackElo "1535"]
[PlyCount "80"]
[Result "0-1"]

1.d4 e6 2.e4 d5 3.e5 c5 4.Nf3 Nc6 5.Bb5 cxd4 6.O-O 
Bd7 7.Nxd4 Nxe5 8.Qe2 Nc6 9.Bxc6 bxc6 10.Bf4 Bc5 
11.Nf5 Bf8 12.Bd6 Qf6 13.Bxf8 Kxf8 14.Ne3 Qxb2 
15.Nd2 e5 16.Rfb1 Qc3 17.Qd1 Bc8 18.Ne4 Qd4 
19.Qxd4 exd4 20.Nxd5 cxd5 21.Nd6 Ba6 22.Nb5 Bxb5 
23.Rxb5 Nf6 24.Rb7 g6 25.Re1 Kg7 26.Rd1 Rhc8 
27.Rb2 Rc4 28.f3 Rac8 29.Rd2 R4c3 30.Rxd4 R3xc2 
31.Rxc2 Rxc2 32.Ra4 Rc7 33.Kf2 Nd7 34.f4 Nc5 
35.Ra5 d4 36.Ke2 Kf6 37.g4 Ke6 38.h3 f5 39.g5 Kd5 
40.h4 Ke4 0-1

[Event "HCL-A005"]
[Site "www.playchess.de"]
[Date "2001.02.07"]
[Round "10"]
[White "edwardchess"]
[Black "LarryM1633"]
[WhiteElo "1700"]
[BlackElo "1600"]
[PlyCount "91"]
[Result "1-0"]

1.d4 Nf6 2.Nf3 g6 3.Bg5 Bg7 4.Nbd2 d6 5.e3 O-O 
6.c3 Bg4 7.Qb3 Qc8 8.Bd3 Nc6 9.O-O e5 10.Bxf6 Bxf6 
11.h3 Be6 12.d5 Bxh3 13.gxh3 Na5 14.Qa4 b6 15.Kh2 
c5 16.c4 Re8 17.Rfg1 Qc7 18.e4 a6 19.Rg2 Bg7 
20.Rag1 Kh8 21.Qd1 Bh6 22.Ng5 Nb7 23.h4 Nd8 
24.Ndf3 f6 25.Nh3 Nf7 26.Kh1 Qd7 27.R2g3 b5 
28.cxb5 axb5 29.Qf1 c4 30.Bb1 Rec8 31.Nh2 b4 32.f4 
c3 33.bxc3 bxc3 34.R1g2 Qa4 35.Bc2 Qxa2 36.Ng4 Bg7 
37.Qf3 Qb2 38.f5 Ra1+ 39.Kh2 Qc1 40.Ng1 g5 41.Ne3 
Qa3 42.Qh5 Qa7 43.Nf3 Qe7 44.Ng4 Qe8 45.Nxf6 Bxf6 
46.hxg5 1-0

[Event "HCL-A021"]
[Site "www.playchess.de"]
[Date "2001.02.07"]
[Round "35"]
[White "lubos"]
[Black "MarkusSSG"]
[WhiteElo "1886"]
[BlackElo "2422"]
[PlyCount "101"]
[Result "1-0"]

1.e4 e6 2.Nf3 d5 3.exd5 exd5 4.d4 Bd6 5.Bd3 Bg4 
6.O-O c6 7.c3 Nd7 8.Re1+ Ne7 9.Nbd2 Qc7 10.h3 Bh5 
11.b4 Bg6 12.Nb3 b6 13.a4 O-O 14.a5 Rfe8 15.Nh4 
Bxd3 16.Qxd3 Nf6 17.axb6 axb6 18.Bg5 Rxa1 19.Nxa1 
Bh2+ 20.Kf1 Ne4 21.Bxe7 Qxe7 22.Nf3 Bd6 23.Nc2 f5 
24.Ne3 Qe6 25.Qa6 Rb8 26.b5 c5 27.Qa2 c4 28.Qa7 
Bf4 29.g3 Bd6 30.Kg2 g6 31.h4 h6 32.Nh2 Rf8 33.Qb7 
Nxc3 34.Nf3 Qf7 35.Qxb6 Qd7 36.Ne5 Qe6 37.Nc2 Ne4 
38.f3 Rb8 39.Qa6 Re8 40.fxe4 fxe4 41.Qc6 Rc8 
42.Qd7 Qxd7 43.Nxd7 Rd8 44.Nf6+ Kg7 45.Nxd5 Bxg3 
46.Kxg3 Rxd5 47.Rb1 Rd7 48.b6 Rb7 49.Kf4 Kf7 
50.Kxe4 g5 51.hxg5 1-0

[Event "HCL-A025"]
[Site "www.playchess.de"]
[Date "2001.02.07"]
[Round "3"]
[White "Scourge01"]
[Black "Brrrr"]
[WhiteElo "1678"]
[BlackElo "1589"]
[PlyCount "72"]
[Result "0-1"]

1.e4 c5 2.Nf3 d6 3.d4 cxd4 4.Nxd4 Nf6 5.Nc3 a6 
6.f4 Qc7 7.Nf3 Nbd7 8.Bd3 g6 9.O-O Bg7 10.Qe1 b5 
11.e5 dxe5 12.fxe5 Ng4 13.e6 Qb6+ 14.Kh1 Qxe6 
15.Be4 Ra7 16.Ng5 Qd6 17.Bf4 Qb4 18.Nxf7 Rf8 
19.Bd6 Qd4 20.Bxe7 Rxf7 21.Rxf7 Qe5 22.Bd6 Qxd6 
23.Bxg6+ Kd8 24.Qh4+ Bf6 25.Qxg4 Bxc3 26.Bxh7 Be5 
27.Rd1 Qc5 28.Bf5 Bd6 29.Be6 Qe5 30.Qh3 Rb7 31.c3 
a5 32.Bg4 Qe8 33.Rh7 Kc7 34.Qd3 Qe5 35.Rh5 Qf4 
36.Bf3 Rb6 0-1

[Event "HCL-A050"]
[Site "www.playchess.de"]
[Date "2001.02.07"]
[Round "2"]
[White "DieHard"]
[Black "Matti"]
[WhiteElo "2091"]
[BlackElo "1700"]
[PlyCount "32"]
[Result "0-1"]

1.e4 e6 2.d4 d5 3.Nc3 Bb4 4.e5 c5 5.a3 Ba5 6.b4 
cxd4 7.Nb5 Bc7 8.f4 Nc6 9.Nxc7+ Qxc7 10.Nf3 Nge7 
11.Bd3 Ng6 12.O-O Bd7 13.h4 O-O-O 14.h5 Nge7 15.g4 
g6 16.h6 Rhf8 0-1

[Event "HCL-A055"]
[Site "www.playchess.de"]
[Date "2001.02.07"]
[Round "6"]
[White "damage_kase"]
[Black "Machiavelli_________"]
[WhiteElo "1354"]
[BlackElo "1734"]
[PlyCount "70"]
[Result "0-1"]

1.d4 f5 2.g3 Nf6 3.Bg2 g6 4.Nf3 Bg7 5.c4 O-O 6.Nc3 
d6 7.O-O Qe8 8.Re1 Qf7 9.b3 Na6 10.Ba3 c6 11.c5 
dxc5 12.dxc5 Ne4 13.Nxe4 fxe4 14.Rc1 exf3 15.exf3 
Be6 16.b4 Bd5 17.f4 Bxg2 18.Kxg2 Rad8 19.Qf3 Nc7 
20.Rc2 e5 21.Rce2 Nd5 22.Bb2 exf4 23.Bxg7 Qxg7 
24.Kg1 fxg3 25.Qxg3 Qf7 26.h4 Rde8 27.h5 Rxe2 
28.Rxe2 Qf4 29.Qxf4 Rxf4 30.hxg6 hxg6 31.a3 Kf7 
32.Kg2 Rc4 33.Ra2 a5 34.Rb2 axb4 35.axb4 
Rxb4 0-1

[Event "HCL-B048"]
[Site "www.playchess.de"]
[Date "2001.02.07"]
[Round "7"]
[White "Nulnulnix"]
[Black "Afrael"]
[WhiteElo "800"]
[BlackElo "1500"]
[PlyCount "73"]
[Result "0-1"]

1.e4 e5 2.d4 exd4 3.Qxd4 Nc6 4.Qd3 Nf6 5.Nf3 Be7 
6.Nc3 d6 7.Bd2 O-O 8.Nd5 Nxd5 9.exd5 Ne5 10.Nxe5 
dxe5 11.Qe4 Bd6 12.Bd3 f5 13.Qc4 Bd7 14.a4 Qe7 
15.O-O Kh8 16.Qc3 c6 17.dxc6 Bxc6 18.Bb5 Rac8 
19.Qb3 a6 20.Bxc6 Rxc6 21.c3 e4 22.Rad1 Qc7 23.g3 
Be5 24.f4 exf3 25.e.p Rxf3 26.Qb6+ Qxb6 27.Rxb6 b4 
28.Rd6 Kf2 29.g6 Re3 {Draw declined}  30.Bf6 Kf3 
31.Rfd8 Ke2 32.Bg5 h4 33.Bxe3 Kxe3 34.R6d3+ Kf4 
35.R3xd2 Rxd2 36.Rxd2 Ke3 37.Rg2 0-1

[Event "HCL-B070"]
[Site "www.playchess.de"]
[Date "2001.02.07"]
[Round "29"]
[White "mrchess"]
[Black "knight77"]
[WhiteElo "1587"]
[BlackElo "1200"]
[PlyCount "83"]
[Result "1-0"]

1.d4 c6 2.c4 Qa5+ 3.Nc3 d5 4.cxd5 Bg4 5.Qa4 Qxa4 
6.Nxa4 e6 7.dxc6 Bb4+ 8.Nc3 Nxc6 9.e3 O-O-O 10.Be2 
Bxc3+ 11.bxc3 Bxe2 12.Nxe2 Nf6 13.O-O Ne4 14.Rb1 
h5 15.f3 h4 16.fxe4 h3 17.g3 f5 18.exf5 Rhf8 
19.Ba3 Rxf5 20.Rxf5 exf5 21.Rf1 Rf8 22.Bxf8 b5 
23.Rxf5 g6 24.Rxb5 a6 25.Rg5 a5 26.Rxg6 Kc7 27.e4 
a4 28.e5 Na5 29.e6 Nc4 30.d5 Ne5 31.d6+ Kc6 32.Rf6 
a3 33.Nd4+ Kd5 34.d7 Ng4 35.d8Q+ {%}  Ke4 36.Rf4+ 
Ke3 37.Rxg4 Kd3 38.e7 Ke3 39.e8Q+ {%}  Kd3 40.Nf3+ 
Kc2 41.Qd2+ Kb1 42.Qee1+ 1-0

[Event "HCL-B071"]
[Site "www.playchess.de"]
[Date "2001.02.07"]
[Round "14"]
[White "Arn"]
[Black "ric70"]
[WhiteElo "1500"]
[BlackElo "1595"]
[PlyCount "78"]
[Result "0-1"]

1.e4 c5 2.c3 d5 3.d4 dxe4 4.Qe2 cxd4 5.Qxe4 Nc6 
6.Nf3 Nf6 7.Qd3 e5 8.Ng5 h6 9.Ne4 Bf5 10.f3 Nxe4 
11.fxe4 Qh4+ 12.g3 Qxe4+ 13.Qxe4 Bxe4 14.Rg1 dxc3 
15.Nxc3 Bc5 16.Rg2 Bxg2 17.Bxg2 Rd8 18.Ne4 Bg1 
19.Bd2 Nd4 20.Rc1 f5 21.Nc5 Bxh2 22.Nxb7 Bxg3+ 
23.Kf1 Rb8 24.Rc7 e4 25.Rxg7 Be5 26.Rg6 Rxb7 
27.Bc3 Kf7 28.Ra6 h5 29.b4 Rc8 30.Be1 Nc2 31.Bd2 
Nxb4 32.Bxb4 Rxb4 33.Rxa7+ Kg6 34.Kg1 Bd4+ 35.Kh2 
Bxa7 36.Bxe4 fxe4 37.a4 Rc3 38.a5 Rb2+ 39.Kh1 
Rc1+ 0-1

[Event "HCL-B073"]
[Site "www.playchess.de"]
[Date "2001.02.07"]
[Round "23"]
[White "henry"]
[Black "Willow"]
[WhiteElo "1098"]
[BlackElo "1200"]
[PlyCount "46"]
[Result "0-1"]

1.e4 e5 2.d4 Nc6 3.d5 Nd4 4.Nf3 d6 5.Nxd4 exd4 
6.Qxd4 Nf6 7.Nc3 g6 8.Bg5 Bg7 9.Bb5+ Bd7 10.Bxd7+ 
Qxd7 11.Bxf6 Bxf6 12.Qxf6 Rg8 13.O-O Qe7 14.e5 
dxe5 15.Ne4 Rd8 16.Rfd1 c6 17.d6 Qe6 18.Qxe6+ fxe6 
19.Nf6+ Kf7 20.Nxg8 Kxg8 21.d7 Kf7 22.Rd3 Ke7 
23.Rad1 e4 0-1

[Event "HCL-B074"]
[Site "www.playchess.de"]
[Date "2001.02.07"]
[Round "19"]
[White "CHARON"]
[Black "appieh58"]
[WhiteElo "1436"]
[BlackElo "1340"]
[PlyCount "55"]
[Result "1-0"]

1.e4 e5 2.Nf3 Nc6 3.Bb5 f5 4.Nc3 fxe4 5.Nxe4 Nf6 
6.Nxf6+ Qxf6 7.Qe2 Nb4 8.d4 a6 9.Ba4 Qf5 10.Nxe5 
Be7 11.O-O b5 12.Bb3 Bb7 13.Bf7+ Kd8 14.Bb3 Rf8 
15.c3 Nd5 16.Qg4 Qxg4 17.Nxg4 h5 18.Ne5 Nf4 
19.Nf7+ Rxf7 20.Bxf7 Nxg2 21.d5 Nh4 22.Rd1 Nf3+ 
23.Kg2 Nh4+ 24.Kh3 g6 25.Rg1 Nf3 26.Rxg6 Ne5 
27.Rg8+ Bf8 28.Bg5+ 1-0

[Event "HCL-B106"]
[Site "www.playchess.de"]
[Date "2001.02.07"]
[Round "4"]
[White "nadavies_uk"]
[Black "polemicz"]
[WhiteElo "1401"]
[BlackElo "1500"]
[PlyCount "60"]
[Result "0-1"]

1.d4 d5 2.Nc3 Nf6 3.Nf3 e6 4.Bg5 h6 5.Bh4 c5 6.e4 
g5 7.Bg3 dxe4 8.Ne5 cxd4 9.Nb5 Qa5+ 10.c3 d3 11.a4 
Na6 12.Nc4 Qd8 13.f3 Qd5 14.b3 Bc5 15.Be5 Ke7 
16.Qd2 exf3 17.Qxd3 Qxd3 18.Bxd3 fxg2 19.Bd6+ Kd8 
20.O-O-O gxh1Q {%}  21.Rxh1 {No, not "%" ! Surely 
you mean "~"}  Bxd6 {did i enter that "%", 
whatever it was?}  22.Ncxd6 {You did! *&^(&*}  Ke7 
23.Re1 Rd8 24.Nf5+ Kf8 25.Nfd4 Bd7 26.Nd6 Nc5 
27.Bc2 Nd5 28.Ne4 Nxe4 29.Bxe4 Nxc3 30.Bxb7 
Rab8 0-1

[Event "HCL-B122"]
[Site "www.playchess.de"]
[Date "2001.02.07"]
[Round "26"]
[White "Jeff_Foster"]
[Black "pird"]
[WhiteElo "1231"]
[BlackElo "1486"]
[PlyCount "65"]
[Result "1-0"]

1.e4 c6 2.d4 d5 3.Nd2 dxe4 4.Nxe4 Bf5 5.Ng3 Bg6 
6.h4 h6 7.Nf3 Nd7 8.h5 Bh7 9.Bd3 Bxd3 10.Qxd3 Qc7 
11.Bd2 Ngf6 12.O-O-O e6 13.Ne4 Nxe4 14.Qxe4 Nf6 
15.Qe2 O-O-O 16.g3 Bd6 17.c4 Rhe8 18.c5 Bf8 19.Kb1 
Nd5 20.Ne5 f6 21.Ng6 e5 22.Rhe1 a5 23.f4 Kb8 
24.Qe4 Ka8 25.Nxf8 Rexf8 26.dxe5 fxe5 27.Qa4 Kb8 
28.Bxa5 b6 29.cxb6 Nxb6 30.Qb3 Ka7 31.fxe5 Rxd1+ 
32.Rxd1 Rf5 33.Bxb6+ 1-0

[Event "HCL-B131"]
[Site "www.playchess.de"]
[Date "2001.02.07"]
[Round "11"]
[White "victor"]
[Black "MP"]
[WhiteElo "1200"]
[BlackElo "1500"]
[PlyCount "29"]
[Result "1/2-1/2"]

1.e4 c5 2.c3 d6 3.d4 cxd4 4.cxd4 Nf6 5.Nc3 g6 
6.Nf3 e6 7.Be2 Bg7 8.Be3 O-O 9.Qd2 Nc6 10.Bh6 e5 
11.dxe5 dxe5 12.Qxd8 Rxd8 13.Bxg7 Kxg7 14.O-O Bg4 
15.Rad1 1/2-1/2

[Event "HCL-B139"]
[Site "www.playchess.de"]
[Date "2001.02.07"]
[Round "15"]
[White "Stephen21"]
[Black "PDelaquess"]
[WhiteElo "1216"]
[BlackElo "1410"]
[PlyCount "57"]
[Result "1-0"]

1.Nc3 e5 2.d4 exd4 3.Qxd4 Nc6 4.Qe3+ Be7 5.Nd5 Nb4 
6.Nxb4 Nf6 7.Nh3 O-O 8.c3 Re8 9.Qd3 d5 10.Ng5 c5 
11.Nxd5 Qxd5 12.Qb5 Rd8 13.Be3 Bd7 14.Qd3 Qxd3 
15.exd3 Nd5 16.Ne4 Nxe3 17.fxe3 Bf5 18.Be2 Bxe4 
19.dxe4 Bg5 20.Rd1 Bxe3 21.Rxd8+ Rxd8 22.Bd1 Rd2 
23.Rf1 Rxb2 24.Rf3 Bd2+ 25.Kf1 Bxc3 26.Rxc3 b6 
{oof! that was silly of me}  27.Rd3 g6 28.Rd7 Rxa2 
29.Bb3 1-0

[Event "HCL-B140"]
[Site "www.playchess.de"]
[Date "2001.02.07"]
[Round "6"]
[White "Binder"]
[Black "Deppenhaufen"]
[WhiteElo "1387"]
[BlackElo "1790"]
[PlyCount "36"]
[Result "0-1"]

1.d4 Nf6 2.c4 e6 3.Nc3 d5 4.Bg5 Nbd7 5.e3 c6 6.Nf3 
Qa5 7.Bxf6 Nxf6 8.Bd3 Bb4 9.Qc2 dxc4 10.Bxc4 c5 
11.O-O cxd4 12.exd4 O-O 13.a3 Bd6 14.Ne5 Bxe5 
15.b4 Bxh2+ 16.Kxh2 Qc7+ 17.Kg1 Qxc4 18.Rfc1 
Qxd4 0-1

[Event "HCL-C099"]
[Site "www.playchess.de"]
[Date "2001.02.07"]
[Round "12"]
[White "kooldown"]
[Black "Tarahumara"]
[WhiteElo "800"]
[BlackElo "927"]
[PlyCount "81"]
[Result "1-0"]

1.e4 e5 2.Nf3 Qf6 3.Nc3 c6 4.Bc4 Bc5 5.d3 d6 6.Bg5 
Qg6 7.Qe2 h6 8.Bh4 Qxg2 9.Rg1 Qh3 10.Rxg7 Be6 
11.Bxe6 fxe6 12.O-O-O d5 13.Rdg1 Ne7 14.R1g3 Qxg3 
15.Bxg3 Rf8 16.Nxe5 Nd7 17.Nxd7 Kxd7 18.exd5 cxd5 
19.Bh4 Rf4 20.Bxe7 Bxe7 21.Nd1 Rh4 22.Qe5 Rf8 
23.b3 Rhf4 24.c4 dxc4 25.dxc4 Ke8 26.a4 R4f3 
27.Qxe6 R8f7 28.Rxf7 Rxf7 29.Qxh6 a5 30.Qb6 Rf3 
31.Qxb7 Rf7 32.Qb5+ Kf8 33.Qxa5 Rg7 34.b4 Rg5 
35.Qb6 Rh5 36.b5 Rh4 37.Qc6 Rxh2 38.b6 Rh4 39.b7 
Ba3+ 40.Nb2 Rf4 41.b8Q+ {%}  1-0

[Event "HCL-C104"]
[Site "www.playchess.de"]
[Date "2001.02.07"]
[Round "5"]
[White "mantis"]
[Black "jayr015"]
[WhiteElo "1000"]
[BlackElo "1487"]
[PlyCount "30"]
[Result "0-1"]

1.d4 d5 2.Nf3 Nf6 3.h3 Qd6 4.b4 Qxb4+ 5.c3 Qb6 
6.h4 Ng4 7.g3 Bf5 8.Bh3 Nd7 9.Qd2 Ndf6 10.Ne5 g6 
11.f3 Bh6 12.Qb2 Qa6 13.Bg5 O-O-O 14.Qb4 Nxe5 
15.Bxh6 Nc6 0-1

[Event "HCL-C104"]
[Site "www.playchess.de"]
[Date "2001.02.07"]
[Round "6"]
[White "ROBIN"]
[Black "mantis"]
[WhiteElo "1074"]
[BlackElo "1000"]
[PlyCount "33"]
[Result "1-0"]

1.e4 e5 2.Nf3 f6 3.d4 Nc6 4.d5 Na5 5.b3 b6 6.c4 
Ba6 7.Nc3 Bb4 8.Bd2 c6 9.a3 Qe7 10.axb4 Qxb4 
11.Ra4 Qxb3 12.g3 g5 13.Qxb3 Nxb3 14.Bh3 Bxc4 
15.Rxc4 b5 16.Rb4 Nxd2 17.Nxd2 1-0

[Event "HCL-C106"]
[Site "www.playchess.de"]
[Date "2001.02.07"]
[Round "4"]
[White "Smutje"]
[Black "Tarahumara"]
[WhiteElo "1000"]
[BlackElo "1113"]
[PlyCount "82"]
[Result "0-1"]

1.h4 e5 2.g4 Be7 3.g5 h6 4.gxh6 Rxh6 5.h5 Bh4 
6.Nh3 Qf6 7.Rh2 Rxh5 8.e4 d6 9.Qxh5 Nh6 10.d3 Ng4 
11.Qh8+ Kd7 12.Nc3 Nxh2 13.Be2 Nc6 14.Nd5 Qd8 
15.Qxg7 Ke8 16.Bh5 Be6 17.Bh6 Kd7 18.O-O-O Ng4 
19.Bxf7 Nxh6 20.Bh5+ Kc8 21.Qxh6 Bxh3 22.Rh1 Bg5+ 
23.Qxg5 Qxg5+ 24.Kd1 Qxh5+ 25.Kc1 Qe2 26.b3 Nb4 
27.Nxb4 b5 28.Rxh3 Qe1+ 29.Kb2 Qxb4 30.Rh8+ Kb7 
31.c3 {remis?}  Qc5 32.Rh2 Rf8 33.b4 Rxf2+ 34.Rxf2 
Qxf2+ 35.Kb3 Qd2 36.c4 Qxd3+ 37.Kb2 bxc4 38.b5 c3+ 
39.Kb3 c2+ 40.Ka4 c1Q {%}  41.Ka5 
Qca3+ 0-1

[Event "HCL-C109"]
[Site "www.playchess.de"]
[Date "2001.02.07"]
[Round "6"]
[White "Claire"]
[Black "Hubb"]
[WhiteElo "568"]
[BlackElo "1000"]
[PlyCount "36"]
[Result "1/2-1/2"]

1.d4 Nf6 2.Nf3 e6 3.Nc3 Bb4 4.Bd2 Nc6 5.g3 O-O 
6.Bg2 d5 7.Na4 Bxd2+ 8.Qxd2 Ne4 9.Qd1 Qd6 10.O-O 
e5 11.e3 Re8 12.Qd3 Qb4 13.b3 b5 14.Nb2 exd4 
15.exd4 Qc3 16.Qxc3 Nxc3 17.Nd3 f6 18.Rfe1 
Bf5 1/2-1/2

[Event "HCL-C110"]
[Site "www.playchess.de"]
[Date "2001.02.07"]
[Round "15"]
[White "crazy_chess"]
[Black "Flab"]
[WhiteElo "1000"]
[BlackElo "1000"]
[PlyCount "45"]
[Result "1-0"]

1.b4 b5 2.Bb2 e6 3.Nf3 g6 4.Bxh8 f6 5.e4 d6 
6.Bxb5+ c6 7.Be2 Nh6 8.O-O Nf7 9.Bxf6 Qxf6 10.c3 
Bh6 11.d4 e5 12.a4 Ng5 13.Nbd2 Nd7 14.Nxg5 Qxg5 
15.Nf3 Qg4 16.Nxe5 Qxe4 17.Bf3 Qh4 18.Nxc6 Nf6 
19.Re1+ Kf8 20.Qe2 Kg8 21.Ne7+ Kh8 22.Bxa8 Bg4 
23.f3 1-0

[Event "HCL-C116"]
[Site "www.playchess.de"]
[Date "2001.02.07"]
[Round "8"]
[White "Robama"]
[Black "exoticorn"]
[WhiteElo "984"]
[BlackElo "1162"]
[PlyCount "46"]
[Result "0-1"]

1.Nf3 Nf6 2.Nc3 g6 3.e3 Bg7 4.Ng5 O-O 5.Bc4 e6 
6.d4 d5 7.Bb5 Nc6 8.e4 dxe4 9.O-O Nxd4 10.Bc4 b6 
11.Nb5 Ba6 12.Na3 Bxc4 13.Nxc4 Qd5 14.b3 Rfd8 
15.Bf4 Bh6 16.Ne3 Qc5 17.Nxe6 Nxe6 18.Qe2 Nxf4 
19.Qe1 Bg7 20.b4 Qc6 21.f3 N6d5 22.g3 Nxe3 23.Qxe3 
Bd4 0-1

[Event "HCL-C132"]
[Site "www.playchess.de"]
[Date "2001.02.07"]
[Round "16"]
[White "AragonMat"]
[Black "rafita"]
[WhiteElo "1000"]
[BlackElo "1228"]
[PlyCount "63"]
[Result "1-0"]

1.e4 Nf6 2.e5 Nd5 3.Qf3 Nb6 4.Nh3 Nc6 5.Ng5 Nxe5 
6.Qf4 d6 7.d4 Nd5 8.Qe4 Nf6 9.Qf4 Ng6 10.Qf3 h6 
11.Ne4 Nxe4 12.Qxe4 d5 13.Qf3 e6 14.Nc3 Bb4 15.Bd2 
O-O 16.Bd3 Qf6 17.Qxf6 gxf6 18.a3 Bxc3 19.bxc3 Kg7 
20.h4 e5 21.f3 Re8 22.g4 exd4+ 23.Kf2 dxc3 24.Bxc3 
Nf4 25.g5 Nxd3+ 26.cxd3 hxg5 27.hxg5 c5 28.Bxf6+ 
Kg6 29.Kg3 Kf5 30.Rh4 Re3 31.Rah1 Rxd3 
32.Re1 1-0